Регионална библиотека "Любен Каравелов" - Русе

За природата на човека (Запис номер 107793)

MARC детайли
000 -Лидер
Контролно поле с фиксирана дължина 02069nam a2200433 c 4500
003 - Код на организацията, давaща контролен номер
Контролно поле BLK
005 - Дата и час на последна редакция
Контролно поле 20231122113414.0
008 - Елементи от данни с фиксирана дължина
fixed length control field 180409b bul|||||r ||||||| ||bul||
010 ## - Наследен системен номер
LC control number KNG00113089000
020 ## - Международен стандартен номер на книга ISBN
Международен стандартен номер на книга ISBN 954-607-599-Х
-- издат.: ЛИК
040 ## - Източник на каталожния запис
Идентификатор на билиотеката - собственик на записа BLK
041 ## - Код за език
Код за езика на текст/звукозапис или на отделно заглавие Български
Код за езика КДБФ Български
080 ## - УДК
Текстов определител УДК Човек - Сътворение на човека. Рай и грехопадение. Грехове. Човешка природа. Душа. Вж и 159. 9 ; 599. 9 ; 572
УДК код - определител по УДК 233
УДК определител
УДК - код + определител 233
080 ## - УДК
Текстов определител УДК Схоластична философия. Терминизъм. Концептуализъм. Неосхоластицизъм. Философска антропология
УДК код - определител по УДК 141.31
УДК определител
УДК - код + определител 141.31
100 1# - Редна дума - Автор
Автор Немезий, епископ на Емеса
Авторска отговорност първи автор
R(LIN) 101653
139 ## - Редно поле
Редна дума Немезий, епископ на Емеса
Авторски знак Нем - Н 53
245 10 - Сведения за заглавието
Заглавие За природата на човека
Редно поле (дума) епископ на Емеса Немезий; прев. Димитър Цветанов Ганов; предг. от Димитър Стоянов Божилов.
257 ## - Страна на издаване
Страна на създаване/издаване Древна Гърция
260 ## - Област на издателските данни
-- София
Име на издателя, разпространителя и проч. ЛИК
Година на издаване 2003
300 ## - Физическа характеристика
Страници 168 с.
Размери/Мащаб 20 см
380 ## - Жанр
Жанр Религия. Теология
490 1# - СЕРИИ (Колекции)
Име на серия Bibliotheca Christiana
490 1# - СЕРИИ (Колекции)
-- Подсерия
Име на серия Series Nova
№: серия N 13
500 ## - Общи забележки
Забележка Ориг. загл. Peri physeos anthropi / Nemesii ephyskopi Emeses ; Прев. по Patrologia Graeca, т. 40 от 1858 г.
650 #4 - Допълнително описание по предмет – тема
Основно описание – тема или топоним Човек - философски проблеми
9 (RLIN) 243384
650 #4 - Допълнително описание по предмет – тема
Основно описание – тема или топоним Християнство
9 (RLIN) 176914
653 ## - Ключова дума – ненормативна
Ключова дума човек
653 ## - Ключова дума – ненормативна
Ключова дума душа
653 ## - Ключова дума – ненормативна
Ключова дума религиозна философия
653 ## - Ключова дума – ненормативна
Ключова дума християнство
700 1# - Други автори (авторска отговорност)
Лично име Ганов, Димитър Цветанов
Автороска отговорност (Описва отношението между автора и произведението) прев.
9 (RLIN) 311057
700 1# - Други автори (авторска отговорност)
Лично име Божилов, Димитър Стоянов
Автороска отговорност (Описва отношението между автора и произведението) предг. от
9 (RLIN) 311058
852 ## - Местоположение
Форматна сигнатура Цб 219550
856 4# - Електронен адрес и достъп
Електронен формат pdf - файл
Път до файла /url/
856 4# - Електронен адрес и достъп
Електронен формат pdf - файл
Път до файла /url/
942 ## - АРТИКУЛИ
Вид на библиотечния материал Книги
Скрит в OPAC Не
Koha issues (borrowed), all copies 3
944 ## - СЪЗДАВАНЕ И РЕДАКЦИЯ на ЗАПИСА
Създаване/Редакция Създаване
Дата на регистрацията/редакция 14.05.2004
Служител, извършил регистрацията/редакцията 30576
Статус, дата на статуса Цветомила Тодорова
944 ## - СЪЗДАВАНЕ И РЕДАКЦИЯ на ЗАПИСА
Създаване/Редакция Редакция
Дата на регистрацията/редакция 03.06.2004
Служител, извършил регистрацията/редакцията
999 ## - СИСТЕМНИ КОНТРОЛНИ НОМЕРА
Koha biblionumber 107793
Koha biblioitemnumber 107793
Наличности
Код за отписване Код за изгубен артикул Код за повреда Коз за рестрикции Код за отдаване Артикулен № Име на библиотеката - собственик Име на библиотеката, в която се намира в момента Статус (Текущо местоположение) Дата на вписване в системата Местоположение - отдел Цена в лева Инвентарен номер Систематично азбучна сигнатура Баркод Номер на екземпляра Цена в евро Служебна бележка Служебен тип на артикула
  Не е изгубен Не е повреден без рестрикции ползва се в читалня 173827 Регионална библиотека "Любен Каравелов" Русе Регионална библиотека "Любен Каравелов" Русе Хранилище 2004-05-14 Хранилище 4.00 120000685479 Цб 219550 120000685479 1 2.05 Дост: Dp Вид: Д N: 29 Дата: 09.07.2003 Книги
Vip Innovations Ltd, Rousse, Bulgaria 2025